| 000 | 01025nam a22002297a 4500 | ||
|---|---|---|---|
| 003 | NALT | ||
| 005 | 20211102101508.0 | ||
| 008 | s2543 th tha d | ||
| 020 | _a9741303777 | ||
| 040 | _aNALT | ||
| 041 | _atha | ||
| 090 | _aว KU29 อ825ค 2543 | ||
| 100 | 0 | _aอุทุมพร เผ่าสุวรรณ | |
| 245 | 1 | 0 | _aความพึงพอใจของผู้เกี่ยวข้องในคดีที่มีต่อการให้บริการของศาลอาญา |
| 260 | 3 |
_aกรุงเทพฯ : _bคณะรัฐศาสตร์ จุฬาลงกรณ์มหาวิทยาลัย, _c2543 |
|
| 300 |
_a236 หน้า : _b ตาราง ; _c 30 ซม. |
||
| 650 | 0 | 4 | _aศาลอาญา -- การปฏิบัติงาน |
| 650 | 0 | 4 | _aศาลอาญา -- ความพอใจในการบริการ -- วิจัย |
| 850 | _aNALT | ||
| 942 |
_cRSH _2lcc |
||
| 998 |
_bSUKUNYA _j109 _k อารีรัตน์ วิชาช่าง |
||
| 999 |
_c31868 _d31868 |
||